[Event "Titled Tuesday intern op 09th Jan Early"]
[Site "Chess.com INT"]
[Date "2024.01.09"]
[Round "6"]
[White "Goncalves, Samuel Jesus P"]
[Black "Onufrienko, Vladislav"]
[Result "0-1"]
[WhiteElo "2208"]
[BlackElo "2032"]
[PlyCount "66"]
[EventDate "2024.01.09"]
[EventType "swiss (blitz)"]
[EventRounds "11"]
[EventCountry "USA"]
[SourceTitle "CB03_2024"]
[SourceDate "2024.01.17"]
[SourceVersion "1"]
[SourceVersionDate "2024.01.17"]
[SourceQuality "1"]

1. e4 Nf6 2. e5 Nd5 3. d4 d6 4. c4 Nb6 5. exd6 exd6 6. Nf3 Be7 7. Bd3 0-0 8. 0-0 Bg4 9. h3 Bh5 10. Nc3 Nc6 11. Be3 Bf6 12. c5 dxc5 13. dxc5 Bxf3 14. Bxh7+ Kxh7 15. Qxd8 Raxd8 16. cxb6 Bh5 17. bxa7 b6 18. Nb5 Be2 19. Nxc7 Bxf1 20. Rxf1 Nxa7 21. Bxb6 Nc8 22. Ba5 Rd7 23. b4 Bd8 24. Rc1 Bxc7 25. Bxc7 Re8 26. b5 Ne7 27. a4 Nd5 28. Bg3 Ra8 29. Ra1 Nc3 30. b6 Rxa4 31. Re1 Rb4 32. Bc7 Nd5 33. Rd1 Nxb6 0-1

[Event "Titled Tuesday intern op 09th Jan Early"]
[Site "Chess.com INT"]
[Date "2024.01.09"]
[Round "11"]
[White "Morales Garcia, Sergio Joshafatt"]
[Black "Onufrienko, Vladislav"]
[Result "0-1"]
[WhiteElo "2249"]
[BlackElo "2032"]
[PlyCount "52"]
[EventDate "2024.01.09"]
[EventType "swiss (blitz)"]
[EventRounds "11"]
[EventCountry "USA"]
[SourceTitle "CB03_2024"]
[SourceDate "2024.01.17"]
[SourceVersion "1"]
[SourceVersionDate "2024.01.17"]
[SourceQuality "1"]

1. d4 d5 2. c4 c6 3. Nf3 e6 4. Qc2 f5 5. e3 Nf6 6. Nc3 Bd6 7. Bd3 0-0 8. 0-0 b6 9. b3 Bb7 10. Bb2 Nbd7 11. Nd2 c5 12. cxd5 Nxd5 13. Nxd5 Bxd5 14. e4 fxe4 15. Bxe4 Rc8 16. Bxd5 exd5 17. Qd3 Qh4 18. g3 Qh5 19. Rae1 Nf6 20. Kg2 Rce8 21. dxc5 Rxe1 22. Rxe1 Ng4 23. Nf3 Bxc5 24. h3 Nxf2 25. Re5 Qxh3+ 26. Kg1 Nxd3+ 0-1

[Event "Titled Tuesday intern op 09th Jan Early"]
[Site "Chess.com INT"]
[Date "2024.01.09"]
[Round "1"]
[White "Onufrienko, Vladislav"]
[Black "Soraas, Torben"]
[Result "1-0"]
[WhiteElo "2032"]
[BlackElo "2121"]
[PlyCount "45"]
[EventDate "2024.01.09"]
[EventType "swiss (blitz)"]
[EventRounds "11"]
[EventCountry "USA"]
[SourceTitle "CB03_2024"]
[SourceDate "2024.01.17"]
[SourceVersion "1"]
[SourceVersionDate "2024.01.17"]
[SourceQuality "1"]

1. e4 e6 2. d4 d5 3. Nc3 dxe4 4. Nxe4 Nd7 5. Bd3 Ngf6 6. Qe2 c5 7. Nf3 Nxe4 8. Bxe4 Nf6 9. 0-0 Nxe4 10. Qxe4 Be7 11. dxc5 Bxc5 12. Bg5 Qb6 13. c3 0-0 14. b4 Bd6 15. Rad1 f6 16. Be3 Qc7 17. Nd4 Bxh2+ 18. Kh1 Qe5 19. Qh4 Qc7 20. Qxh2 Qxc3 21. Nb5 Qxb4 22. Nc7 Rb8 23. Bxa7 1-0

[Event "Titled Tuesday intern op 09th Jan Early"]
[Site "Chess.com INT"]
[Date "2024.01.09"]
[Round "2"]
[White "Zhigalko, Sergei"]
[Black "Onufrienko, Vladislav"]
[Result "1-0"]
[WhiteElo "2572"]
[BlackElo "2032"]
[PlyCount "61"]
[EventDate "2024.01.09"]
[EventType "swiss (blitz)"]
[EventRounds "11"]
[EventCountry "USA"]
[SourceTitle "CB03_2024"]
[SourceDate "2024.01.17"]
[SourceVersion "1"]
[SourceVersionDate "2024.01.17"]
[SourceQuality "1"]

1. e4 Nf6 2. e5 Nd5 3. d4 d6 4. Nf3 dxe5 5. Nxe5 Nd7 6. Nxf7 Kxf7 7. Qh5+ Ke6 8. c4 N5f6 9. d5+ Kd6 10. Qf7 Ne5 11. Bf4 c5 12. Nc3 a6 13. 0-0-0 g6 14. Bxe5+ Kxe5 15. d6 Bh6+ 16. Kc2 Qe8 17. Rd5+ Nxd5 18. Qxd5+ Kf6 19. Ne4+ Kg7 20. Qe5+ Kg8 21. Nf6+ exf6 22. Qxe8+ Bf8 23. d7 Bxd7 24. Qxa8 Bc6 25. Bd3 Kg7 26. Qb8 Be7 27. Qc7 Re8 28. Re1 Kf7 29. Be4 Bxe4+ 30. Rxe4 f5 31. Re2 1-0

[Event "Titled Tuesday intern op 15th Aug Early"]
[Site "Chess.com INT"]
[Date "2023.08.15"]
[Round "3"]
[White "Smieszek, Wojciech"]
[Black "Onufrienko, Vladislav"]
[Result "1-0"]
[WhiteElo "2118"]
[BlackElo "2010"]
[PlyCount "61"]
[EventDate "2023.08.15"]
[EventType "swiss (blitz)"]
[EventRounds "11"]
[EventCountry "USA"]
[SourceTitle "EXT 2024"]
[Source "ChessBase"]
[SourceDate "2023.10.10"]
[SourceVersion "1"]
[SourceVersionDate "2023.10.10"]
[SourceQuality "1"]

1. e4 Nf6 2. e5 Nd5 3. c4 Nb6 4. a4 d6 5. a5 N6d7 6. e6 fxe6 7. d4 e5 8. Bd3 g6 9. h4 Bg7 10. h5 exd4 11. hxg6 h6 12. Bxh6 Nf6 13. Bxg7 Rxh1 14. Kf1 Bg4 15. Qe1 Kd7 16. f3 Be6 17. Nd2 Nc6 18. Qe2 Qg8 19. Bxf6 exf6 20. Ne4 Rf8 21. Re1 Ne5 22. b3 Qg7 23. Ng3 Rhh8 24. f4 Nxd3 25. Qxe6+ Kd8 26. Nf5 Qd7 27. g7 Nxe1 28. gxh8Q Qxe6 29. Qxf8+ Kd7 30. Qg7+ Kc6 31. Nxd4+ 1-0

[Event "Titled Tuesday intern op 15th Aug Early"]
[Site "Chess.com INT"]
[Date "2023.08.15"]
[Round "7"]
[White "Srihari, LR."]
[Black "Onufrienko, Vladislav"]
[Result "1-0"]
[WhiteElo "2407"]
[BlackElo "2010"]
[PlyCount "87"]
[EventDate "2023.08.15"]
[EventType "swiss (blitz)"]
[EventRounds "11"]
[EventCountry "USA"]
[SourceTitle "EXT 2024"]
[Source "ChessBase"]
[SourceDate "2023.10.10"]
[SourceVersion "1"]
[SourceVersionDate "2023.10.10"]
[SourceQuality "1"]

1. Nf3 Nf6 2. g3 d5 3. Bg2 c6 4. 0-0 Bg4 5. c4 Nbd7 6. d3 e5 7. cxd5 cxd5 8. Nc3 Be6 9. Ng5 Be7 10. Nxe6 fxe6 11. e4 d4 12. Ne2 0-0 13. h3 Qb6 14. Rb1 Rac8 15. f4 Bd6 16. b4 exf4 17. gxf4 e5 18. f5 a5 19. a3 axb4 20. axb4 Qc6 21. Qb3+ Kh8 22. Rb2 b5 23. Bd2 Nb6 24. Rc1 Qd7 25. Rbc2 h6 26. Kh2 Na4 27. Ng1 Rxc2 28. Rxc2 Rc8 29. Rxc8+ Qxc8 30. Nf3 Qd7 31. Be1 Nh5 32. Nh4 Nf4 33. Bg3 Qe7 34. Bxf4 Qxh4 35. Bg3 Qe7 36. Qd5 Nc3 37. Qa8+ Kh7 38. Bf3 Qg5 39. h4 Qd2+ 40. Kh3 Ne2 41. Bh5 g6 42. Bxg6+ Kg7 43. Qb7+ Kf6 44. Qf7# 1-0

[Event "Titled Tuesday intern op 01st Aug Early"]
[Site "Chess.com INT"]
[Date "2023.08.01"]
[Round "7"]
[White "Nazari, Arad"]
[Black "Onufrienko, Vladislav"]
[Result "0-1"]
[WhiteElo "2358"]
[BlackElo "2010"]
[PlyCount "54"]
[EventDate "2023.08.01"]
[EventType "swiss (blitz)"]
[EventRounds "11"]
[EventCountry "USA"]
[SourceTitle "EXT 2024"]
[Source "ChessBase"]
[SourceDate "2023.10.10"]
[SourceVersion "1"]
[SourceVersionDate "2023.10.10"]
[SourceQuality "1"]

1. e4 Nf6 2. e5 Nd5 3. d4 d6 4. c4 Nb6 5. f4 dxe5 6. fxe5 Nc6 7. Be3 Bf5 8. Nc3 e6 9. Be2 f6 10. exf6 Qxf6 11. Nf3 0-0-0 12. Bg5 Rxd4 13. Bxf6 Rxd1+ 14. Rxd1 gxf6 15. 0-0 Bc5+ 16. Kh1 Bc2 17. Rc1 Bg6 18. Nh4 f5 19. a3 Ne5 20. Nf3 Nxf3 21. Bxf3 e5 22. Bd5 Re8 23. b4 Be3 24. Rce1 Bd2 25. Ne2 Bxe1 26. Rxe1 c6 27. Bf3 e4 0-1

[Event "Titled Tuesday intern op 25th Jul Early"]
[Site "Chess.com INT"]
[Date "2023.07.25"]
[Round "6"]
[White "Kaasen, Tor Fredrik"]
[Black "Onufrienko, Vladislav"]
[Result "1-0"]
[WhiteElo "2496"]
[BlackElo "2010"]
[PlyCount "107"]
[EventDate "2023.07.25"]
[EventType "swiss (blitz)"]
[EventRounds "11"]
[EventCountry "USA"]
[SourceTitle "EXT 2024"]
[Source "ChessBase"]
[SourceDate "2023.10.10"]
[SourceVersion "1"]
[SourceVersionDate "2023.10.10"]
[SourceQuality "1"]

1. e4 Nf6 2. e5 Nd5 3. d4 d6 4. Nf3 dxe5 5. Nxe5 Nd7 6. Nf3 N7f6 7. Bd3 Bg4 8. h3 Bh5 9. 0-0 e6 10. Re1 Be7 11. a3 0-0 12. Be2 c5 13. dxc5 Bxc5 14. Ne5 Bxe2 15. Qxe2 Qe7 16. c4 Nb6 17. Nd2 Rfd8 18. Ndf3 h6 19. b4 Bd4 20. Bb2 Bxb2 21. Qxb2 Nbd7 22. c5 Nxe5 23. Nxe5 Rd5 24. Rac1 Nd7 25. Nc4 Nf6 26. a4 Rad8 27. a5 Rd4 28. Nd6 Rd5 29. Rcd1 b6 30. Rxd5 Nxd5 31. Qd4 Nxb4 32. Qxb4 bxc5 33. Qxc5 Rxd6 34. g3 Qd7 35. Rc1 Rd5 36. Qc3 g6 37. Rb1 Rd1+ 38. Rxd1 Qxd1+ 39. Kg2 Qd5+ 40. Kh2 Qb7 41. h4 h5 42. Qf6 Qd5 43. Qc3 Qb7 44. Qc5 Qd7 45. Kg1 Kg7 46. Qc3+ f6 47. Qc5 e5 48. Kh2 Kf7 49. Qc4+ Ke7 50. Qc5+ Ke6 51. Qc4+ Kd6 52. Qa6+ Ke7 53. Qc4 Qb7 54. Qg8 1-0

[Event "Titled Tuesday intern op 18th Jul Early"]
[Site "Chess.com INT"]
[Date "2023.07.18"]
[Round "6"]
[White "Harsh, Suresh"]
[Black "Onufrienko, Vladislav"]
[Result "1-0"]
[WhiteElo "2324"]
[BlackElo "2010"]
[PlyCount "67"]
[EventDate "2023.07.18"]
[EventType "swiss (blitz)"]
[EventRounds "11"]
[EventCountry "USA"]
[SourceTitle "EXT 2024"]
[Source "ChessBase"]
[SourceDate "2023.10.10"]
[SourceVersion "1"]
[SourceVersionDate "2023.10.10"]
[SourceQuality "1"]

1. e4 Nf6 2. e5 Nd5 3. c4 Nb6 4. d4 d6 5. f4 dxe5 6. fxe5 Nc6 7. Be3 Bf5 8. Nc3 e6 9. Nf3 f6 10. exf6 Qxf6 11. Be2 0-0-0 12. Bg5 Rxd4 13. Bxf6 Rxd1+ 14. Rxd1 gxf6 15. Nh4 Bg6 16. Nxg6 hxg6 17. 0-0 Bc5+ 18. Kh1 f5 19. b3 g5 20. g3 a6 21. Kg2 Nd4 22. Bd3 g4 23. Ne2 Nf3 24. h4 Rf8 25. Nf4 Nd4 26. Nxe6 Nxe6 27. Bxf5 Rxf5 28. Rxf5 Bd6 29. h5 Nd7 30. h6 Nef8 31. Rf7 Kd8 32. h7 Nxh7 33. Rxh7 Ne5 34. c5 1-0

[Event "Titled Tuesday intern op 18th Jul Early"]
[Site "Chess.com INT"]
[Date "2023.07.18"]
[Round "9"]
[White "Namitbir, Singh Walia"]
[Black "Onufrienko, Vladislav"]
[Result "0-1"]
[WhiteElo "2364"]
[BlackElo "2010"]
[PlyCount "88"]
[EventDate "2023.07.18"]
[EventType "swiss (blitz)"]
[EventRounds "11"]
[EventCountry "USA"]
[SourceTitle "EXT 2024"]
[Source "ChessBase"]
[SourceDate "2023.10.10"]
[SourceVersion "1"]
[SourceVersionDate "2023.10.10"]
[SourceQuality "1"]

1. e4 Nf6 2. e5 Nd5 3. d4 d6 4. exd6 exd6 5. c4 Nb6 6. Nc3 Be7 7. Nf3 0-0 8. Be2 Bf5 9. 0-0 Nc6 10. b3 Bf6 11. Bb2 Re8 12. d5 Ne5 13. Nxe5 Bxe5 14. Bd3 Qf6 15. Bxf5 Qxf5 16. Rb1 Nd7 17. Nb5 Rec8 18. Bxe5 Nxe5 19. Qd4 a6 20. Nc3 Re8 21. Rbe1 h6 22. Re4 Qg6 23. f4 f5 24. Re2 Nd7 25. Rfe1 Nf6 26. Re6 Qf7 27. Qd3 Nd7 28. Rxe8+ Rxe8 29. Qd2 Nf6 30. Rxe8+ Qxe8 31. h3 Kh7 32. Kf2 Qh5 33. Qe2 Qh4+ 34. Kf3 Nh5 35. Qe3 Qg3+ 36. Ke2 Nxf4+ 37. Kd2 Qxg2+ 38. Kc1 Qxh3 39. Qxf4 Qxc3+ 40. Kb1 Qf6 41. a4 g5 42. Qe3 f4 43. Qe8 Qg6+ 44. Qxg6+ Kxg6 0-1

[Event "Titled Tuesday intern op 18th Jul Early"]
[Site "Chess.com INT"]
[Date "2023.07.18"]
[Round "7"]
[White "Onufrienko, Vladislav"]
[Black "Bortnyk, Olexandr"]
[Result "0-1"]
[WhiteElo "2010"]
[BlackElo "2607"]
[PlyCount "94"]
[EventDate "2023.07.18"]
[EventType "swiss (blitz)"]
[EventRounds "11"]
[EventCountry "USA"]
[SourceTitle "EXT 2024"]
[Source "ChessBase"]
[SourceDate "2023.10.10"]
[SourceVersion "1"]
[SourceVersionDate "2023.10.10"]
[SourceQuality "1"]

1. d4 d6 2. e4 Nf6 3. Nc3 Nbd7 4. f4 e5 5. Nf3 exd4 6. Qxd4 c6 7. Qe3 Qb6 8. Bd3 Nc5 9. 0-0 Ng4 10. Qd4 Nxd3 11. Qxb6 axb6 12. cxd3 Be7 13. h3 Nf6 14. Be3 b5 15. a3 0-0 16. Nd4 Rd8 17. g4 Bf8 18. Rad1 Nd7 19. Nf3 Nc5 20. d4 Na4 21. Nxa4 Rxa4 22. Bd2 Be6 23. Bc3 Re8 24. Rfe1 Bb3 25. Rd2 f6 26. e5 Bd5 27. Kf2 dxe5 28. fxe5 fxe5 29. Nxe5 Be7 30. Kg3 Bd6 31. Rde2 Rf8 32. Rf2 Rxf2 33. Kxf2 b4 34. axb4 Bxb4 35. Nd3 Bd6 36. Nc5 Ra7 37. Nd7 b5 38. Ne5 b4 39. Bd2 Ra2 40. Bc1 b3 41. Nd3 Bc4 42. Ne5 Bb5 43. Kg1 Bb4 44. Re3 Ra1 45. Nd3 Bxd3 46. Rxd3 Rxc1+ 47. Kg2 Rc2+ 0-1

[Event "Titled Tuesday intern op 16th May Early"]
[Site "Chess.com INT"]
[Date "2023.05.16"]
[Round "1"]
[White "Onufrienko, Vladislav"]
[Black "Pichot, Alan"]
[Result "0-1"]
[WhiteElo "2010"]
[BlackElo "2638"]
[PlyCount "74"]
[EventDate "2023.05.16"]
[EventType "swiss (blitz)"]
[EventRounds "11"]
[EventCountry "USA"]
[SourceTitle "CBM 214 Extra"]
[Source "ChessBase"]
[SourceDate "2023.07.31"]
[SourceVersion "1"]
[SourceVersionDate "2023.07.31"]
[SourceQuality "1"]

1. e4 c5 2. Nc3 d6 3. d4 cxd4 4. Qxd4 Nc6 5. Qd2 Nf6 6. b3 e6 7. Bb2 Be7 8. 0-0-0 0-0 9. f3 a6 10. g4 b5 11. Kb1 Bb7 12. h4 Rc8 13. h5 h6 14. g5 hxg5 15. h6 g6 16. h7+ Kh8 17. Qxg5 e5 18. Qh6 Nd4 19. Bd3 Nh5 20. Rxh5 gxh5 21. Qxh5 Qe8 22. Nce2 Nxe2 23. Nxe2 f5 24. Qh3 fxe4 25. fxe4 Qf7 26. Ng3 Rcd8 27. Nf5 Bc8 28. Rg1 Bxf5 29. exf5 Bf6 30. Rg6 d5 31. Qh2 Rde8 32. Bc1 e4 33. Be2 Qe7 34. Qg2 Qe5 35. Rg8+ Rxg8 36. hxg8Q+ Rxg8 37. Qh2+ Qxh2 0-1

[Event "Titled Tuesday intern op 16th May Early"]
[Site "Chess.com INT"]
[Date "2023.05.16"]
[Round "2"]
[White "Tarnowska, Aleksandra"]
[Black "Onufrienko, Vladislav"]
[Result "0-1"]
[WhiteElo "1835"]
[BlackElo "2010"]
[PlyCount "108"]
[EventDate "2023.05.16"]
[EventType "swiss (blitz)"]
[EventRounds "11"]
[EventCountry "USA"]
[SourceTitle "CBM 214 Extra"]
[Source "ChessBase"]
[SourceDate "2023.07.31"]
[SourceVersion "1"]
[SourceVersionDate "2023.07.31"]
[SourceQuality "1"]

1. e4 Nf6 2. e5 Nd5 3. Bc4 Nb6 4. Bb3 d5 5. exd6 exd6 6. Ne2 Be7 7. 0-0 0-0 8. d4 d5 9. c3 Bf5 10. Bc2 Bxc2 11. Qxc2 c5 12. Nd2 Nc6 13. Nf3 Rc8 14. Bf4 cxd4 15. Nexd4 Bf6 16. Nxc6 bxc6 17. Rad1 Re8 18. h3 Re4 19. Bg3 Qe7 20. Rfe1 Re8 21. Rxe4 Qxe4 22. Qxe4 Rxe4 23. Re1 Nc4 24. b3 Nd2 25. Rxe4 Nxe4 26. c4 dxc4 27. bxc4 h5 28. Kf1 g5 29. Be5 Be7 30. Bd4 g4 31. hxg4 hxg4 32. Ne5 c5 33. Be3 f6 34. Nxg4 Kf7 35. Nh6+ Ke6 36. f3 Nc3 37. a3 Nb1 38. a4 Nc3 39. a5 a6 40. Ng8 Bf8 41. Bh6 Bxh6 42. Nxh6 Nd1 43. Ke2 Nb2 44. Ng4 Nxc4 45. Kd3 Nxa5 46. Ne3 f5 47. Nc4 Nxc4 48. Kxc4 Kd6 49. g4 fxg4 50. fxg4 a5 51. g5 a4 52. g6 Ke6 53. g7 Kf7 54. Kxc5 a3 0-1

[Event "Titled Tuesday intern op 20th July"]
[Site "Chess.com INT"]
[Date "2021.07.20"]
[Round "1"]
[White "Madaminov, Mukhiddin"]
[Black "Onufrienko, Vladislav"]
[Result "1-0"]
[WhiteElo "2139"]
[BlackElo "1872"]
[PlyCount "65"]
[EventDate "2021.07.20"]
[EventType "swiss (blitz)"]
[EventRounds "11"]
[EventCountry "USA"]
[SourceTitle "CBM 203 Extra"]
[Source "ChessBase"]
[SourceDate "2021.09.30"]
[SourceVersion "1"]
[SourceVersionDate "2021.09.30"]
[SourceQuality "1"]

1. e4 Nf6 2. e5 Nd5 3. d4 d6 4. Nf3 dxe5 5. Nxe5 Nd7 6. Nxd7 Bxd7 7. Bc4 e6 8. 0-0 Be7 9. Nc3 Nxc3 10. bxc3 0-0 11. Re1 Bc6 12. Bf4 Bd6 13. Qg4 Bxf4 14. Qxf4 Qd6 15. Qg5 h6 16. Qh4 Rad8 17. Re3 Bd5 18. Bd3 f5 19. Rg3 Kh8 20. Re1 c5 21. c4 Bc6 22. dxc5 Qd7 23. Rg6 Rde8 24. Re5 Rf7 25. Qf4 Kh7 26. Qg3 Qd4 27. h4 Kh8 28. Qe3 Qa1+ 29. Kh2 Rfe7 30. Rgxe6 Qxe5+ 31. Qxe5 Rxe6 32. Qxf5 Rf6 33. Qh7# 1-0

[Event "Titled Tuesday intern op 20th July"]
[Site "Chess.com INT"]
[Date "2021.07.20"]
[Round "10"]
[White "Onufrienko, Vladislav"]
[Black "Saravana, Krishnan P"]
[Result "1-0"]
[WhiteElo "1872"]
[BlackElo "2312"]
[PlyCount "73"]
[EventDate "2021.07.20"]
[EventType "swiss (blitz)"]
[EventRounds "11"]
[EventCountry "USA"]
[SourceTitle "CBM 203 Extra"]
[Source "ChessBase"]
[SourceDate "2021.09.30"]
[SourceVersion "1"]
[SourceVersionDate "2021.09.30"]
[SourceQuality "1"]

1. e4 e6 2. d4 d5 3. Nc3 Bb4 4. e5 c5 5. Qg4 Kf8 6. a3 Ba5 7. b4 cxd4 8. Nb5 Bc7 9. Nf3 Bd7 10. Nbxd4 Nc6 11. Nxc6 bxc6 12. Bd3 Ne7 13. 0-0 Ng6 14. Re1 Qb8 15. Be3 Kg8 16. Bd4 a5 17. bxa5 c5 18. Bxc5 Nxe5 19. Nxe5 Bxe5 20. Rab1 Qc7 21. Bb6 Qd6 22. h3 Bf6 23. Qb4 Qc6 24. a4 Bc3 25. Bb5 Bxb4 26. Bxc6 Bxc6 27. Rxb4 h6 28. c4 Kh7 29. cxd5 Bxd5 30. Rc1 Rhc8 31. Rxc8 Rxc8 32. a6 Kg6 33. a7 Kf5 34. Bd4 e5 35. Be3 f6 36. Rb8 Rc1+ 37. Bxc1 1-0